Rainful Poison / (Record no. 2265)

MARC details
000 -LEADER
fixed length control field 01537cam a2200361 i 4500
001 - CONTROL NUMBER
control field 2265
003 - CONTROL NUMBER IDENTIFIER
control field FISKH
005 - DATE AND TIME OF LATEST TRANSACTION
control field 20240927112959.0
008 - FIXED-LENGTH DATA ELEMENTS--GENERAL INFORMATION
fixed length control field 150414m20082009enka j 001 0
010 ## - LIBRARY OF CONGRESS CONTROL NUMBER
LC control number 2015301007
020 ## - INTERNATIONAL STANDARD BOOK NUMBER
International Standard Book Number 9781407110356 (kit)
020 ## - INTERNATIONAL STANDARD BOOK NUMBER
International Standard Book Number 9781407109572
040 ## - CATALOGING SOURCE
Original cataloging agency DLC
Language of cataloging eng
Description conventions rda
Transcribing agency DLC
042 ## - AUTHENTICATION CODE
Authentication code pcc
050 00 - LIBRARY OF CONGRESS CALL NUMBER
Classification number Q180.2
Item number A76 2009
082 ## - DEWEY DECIMAL CLASSIFICATION NUMBER
Classification number 571.95
100 1# - MAIN ENTRY--PERSONAL NAME
Personal name Arnold, Nick,
245 10 - TITLE STATEMENT
Title Rainful Poison /
Statement of responsibility, etc. Nick, Arnold ; illustrated by Tony De Saulles
250 ## - EDITION STATEMENT
Edition statement This edition published 2009
260 ## - PUBLICATION, DISTRIBUTION, ETC.
Place of publication, distribution, etc. London :
Name of publisher, distributor, etc. Scholastic,
Date of publication, distribution, etc. 2004
300 ## - PHYSICAL DESCRIPTION
Extent 159 pages :
Other physical details illustrations ;
Dimensions 20 cm
490 ## - SERIES STATEMENT
Series statement Horrible Science
500 ## - GENERAL NOTE
General note Title, Horrible science, is in each volume and on each side of case and case bottom. Various phrases are on case top and sides, e.g., Bulging box of books, 20 brilliant books in one bulging box, and Science with the squishy bits left in!
505 ## - FORMATTED CONTENTS NOTE
Formatted contents note V<br/>
520 ## - SUMMARY, ETC.
Summary, etc. Discover how can you turn your brother into a zombie slave and why you are breathing poison right now! With a fantastic new cover look and extra horrible bits at the back of the book, this best-selling title is sure to be a huge hit with a new generation of Horrible Science readers.
521 8# - TARGET AUDIENCE NOTE
Target audience note 850<br/>
Source Lexile<br/>
521 8# - TARGET AUDIENCE NOTE
Target audience note V<br/>
Source Raz-Plus<br/>
650 #0 - SUBJECT ADDED ENTRY--TOPICAL TERM
Topical term or geographic name entry element Science
Form subdivision Juvenile literature.
650 #0 - SUBJECT ADDED ENTRY--TOPICAL TERM
Topical term or geographic name entry element Science
General subdivision Study and teaching (Primary)
700 1# - ADDED ENTRY--PERSONAL NAME
Personal name De Saulles, Tony,
Relator term illustrator.
906 ## - LOCAL DATA ELEMENT F, LDF (RLIN)
a 7
b cbc
c origres
d 2
e ncip
f 20
g y-gencatlg
942 ## - ADDED ENTRY ELEMENTS (KOHA)
Source of classification or shelving scheme Dewey Decimal Classification
Koha item type Books
Suppress in OPAC No
Holdings
Withdrawn status Lost status Source of classification or shelving scheme Damaged status Not for loan Collection Home library Current library Shelving location Date acquired Total Checkouts Full call number Barcode Date last seen Copy number Price effective from Koha item type
    Dewey Decimal Classification     Non-Fiction Footprints International School Library Network Toul Kork Campus Footprints International School Library Network Toul Kork Campus   11/14/2023   ARN 571.95 Q180.2 FISTKG4A056 11/14/2023 1 11/14/2023 Books
    Dewey Decimal Classification     Non-Fiction Footprints International School Library Network Toul Kork Campus Footprints International School Library Network Toul Kork Campus TTP Secondary Non-Fiction Bookshelves 11/14/2023   ARN 571.95 Q180.2 FIS00050 09/27/2024 2 11/14/2023 Books